000
00314nam a2200133Ia 4500
008
100328s9999 xx 000 0 und d
082
_b
72986
100
_a
Reilly Matthew.
245
_a
Six Sacred Stones
260
_b
Pan Books.
630
_a
Six Sacred Stones
730
_a
Six Sacred Stones
942
_c
BOOK
999
_c
558707
_d
558704